| 000 | 00426nam a2200169Ia 4500 | ||
|---|---|---|---|
| 008 | 230524s9999 xx 000 0 und d | ||
| 020 | _a9788131218891 | ||
| 082 |
_a621.38456 _bGAR |
||
| 100 | _aVijay K.Garg | ||
| 245 | 0 | _aWireless Communications and Networking | |
| 250 | _a2ND | ||
| 260 |
_aNEW DELHI _bElsevier _c2011 |
||
| 300 | _aXXVII;821 | ||
| 500 | _aQuantity Number: 100 | ||
| 650 | _aElectronics | ||
| 942 | _cBK | ||
| 999 |
_c48677 _d48677 |
||